000 00295nam a22001337a 4500
008 181101b xxu||||| |||| 00| 0 eng d
020 _a9780195007596
041 _aeng
080 _a820
100 _a21
101 _aGJL
245 _aAmerican Renaissance
_cMathiessen,F.O
942 _2udc
_cBK
999 _c51443
_d51443